Αλγεβρικές δομές
Saved in:
| Main Author: | |
|---|---|
| Other Authors: | |
| Format: | Book |
| Language: | Greek |
| Published: |
Ιωάννινα :
Πανεπιστήμιο Ιωαννίνων,
1990.
|
| Subjects: | |
| Tags: |
Add Tag
No Tags, Be the first to tag this record!
|
MARC
| LEADER | 00000cam a2200000 i 4500 | ||
|---|---|---|---|
| 001 | 1/43473 | ||
| 008 | 950410m1990 gr | ||| |||| ||gre|| | ||
| 035 | |a 1995 |l 10042037 | ||
| 040 | |a GR-MyUA |b gre |e AACR2 | ||
| 041 | 0 | |a gre | |
| 082 | 0 | |a 512.2 | |
| 100 | 1 | |a Φυραρίδης, Ανέστης. | |
| 245 | 1 | 0 | |a Αλγεβρικές δομές / |c Α. Φυραρίδη, Κ. Μέξη. |
| 260 | |a Ιωάννινα : |b Πανεπιστήμιο Ιωαννίνων, |c 1990. | ||
| 300 | |a 280 σ. ; |c 24 εκ. | ||
| 504 | |a Περιλαμβάνει βιβλιογραφικές αναφορές και ευρετήριο. | ||
| 650 | 0 | 0 | |a Ordered algebraic structures. |
| 650 | 0 | 0 | |a Algebra. |
| 650 | 0 | 0 | |a Rings (Algebra) |
| 700 | 1 | |a Μέξης, Κωνσταντίνος. | |
| 852 | |a INST |b SAMOS |e 19950410 |h 512.2 ΦΥΡ |p 005300005743 |q 005300005743 |t BK |y 0 |z τ.1 | ||
| 852 | |a INST |b SAMOS |e 19950410 |h 512.2 ΦΥΡ |p 005300005743 |q 005300005743 |t BK |v τ.1: |y 0 |z τ.1 | ||
| 853 | |a INST |b SAMOS |h 512.2 ΦΥΡ | ||
| 909 | |a Σ |b 038839 | ||